000 00742nam a2200205 i 4500
001 151003
003 ES-MaACL
005 20250723052150.0
007 t|
008 071127s1972 sp ||||1| gao d
100 1 _aChao Espina, Enrique.
_937996
245 1 0 _aFeijoo e Sarmiento encol da Baleia /
_cEnrique Chao Espina.
260 _a[La Coruña :
_bReal Academia Gallega,
_c1972]
300 _a8 h., 4 h. de lám. ;
_c25 cm.
500 _aTirada aparte de: Boletín de la Real Academia Gallega.-- N. 353/354 (1971/72) ; p. 169-182.
600 1 4 _aFeijoo, Benito Jerónimo,
_d1676-1764
_949105
600 0 4 _aMartín Sarmiento,
_cFray,
_d1695-1772
_9166281
852 _aES-MaACL
_j2103-F-21
_bR.93790
999 _c151003
_d151003